Countries with Open Border on a Map - Statistics

General Stats
  • This quiz has been taken 326 times
  • The average score is 64 of 73
Answers on the Map
Answers color-coded by a green-red scale on the quiz's map according to % correct below.
 
Answer Stats
Hint Answer % Correct
Schengen Agreement Germany
98%
Schengen Agreement Spain
98%
Schengen Agreement Belgium
97%
Schengen Agreement France
97%
Schengen Agreement Italy
97%
Schengen Agreement Poland
97%
Schengen Agreement Portugal
97%
Schengen Agreement Sweden
97%
Nordic Passport Union Sweden
97%
Schengen Agreement Austria
96%
Schengen Agreement Finland
96%
Nordic Passport Union Finland
96%
Schengen Agreement Netherlands
96%
Schengen Agreement Norway
96%
Nordic Passport Union Norway
96%
Schengen Agreement Switzerland
96%
Schengen Agreement Czech Republic
95%
Schengen Agreement Denmark
95%
Nordic Passport Union Denmark
95%
Common Travel Area United Kingdom
95%
Schengen Agreement Estonia
94%
Common Travel Area Ireland
94%
Schengen Agreement Latvia
94%
Schengen Agreement Lithuania
94%
Schengen Agreement Luxembourg
94%
Gulf Cooperation Council Oman
94%
Andean Community Peru
94%
Gulf Cooperation Council Saudi Arabia
94%
Schengen Agreement Slovakia
94%
Schengen Agreement Slovenia
94%
Gulf Cooperation Council United Arab Emirates
94%
Andean Community Colombia
93%
Schengen Agreement Hungary
93%
Andean Community Ecuador
92%
Schengen Agreement Liechtenstein
91%
Schengen Agreement Monaco
91%
Schengen Agreement Vatican City
91%
Andean Community Bolivia
90%
East African Community Kenya
90%
Schengen Agreement San Marino
90%
East African Community South Sudan
90%
East African Community Tanzania
90%
East African Community Uganda
90%
CA4 Border Control Agreement Guatemala
89%
CA4 Border Control Agreement Honduras
88%
East African Community Rwanda
88%
Gulf Cooperation Council Bahrain
87%
CA4 Border Control Agreement El Salvador
87%
CA4 Border Control Agreement Nicaragua
87%
East African Community Burundi
86%
Treaty of Peace and Friendship India
86%
Treaty of Friendship India
86%
Treaty of Peace and Friendship Nepal
86%
Treaty of Friendship Bhutan
84%
Gulf Cooperation Council Kuwait
84%
Schengen Agreement Iceland
80%
Nordic Passport Union Iceland
80%
Union State Russia
80%
Union State Belarus
79%
Schengen Agreement Malta
77%
CARICOM Single Market and Economy Barbados
76%
CARICOM Single Market and Economy Saint Lucia
76%
CARICOM Single Market and Economy Saint Kitts and Nevis
75%
CARICOM Single Market and Economy Saint Vincent and the Grenadines
75%
CARICOM Single Market and Economy Antigua and Barbuda
74%
CARICOM Single Market and Economy Grenada
74%
CARICOM Single Market and Economy Guyana
74%
CARICOM Single Market and Economy Suriname
74%
CARICOM Single Market and Economy Dominica
73%
CARICOM Single Market and Economy Trinidad and Tobago
71%
CARICOM Single Market and Economy Jamaica
62%
Schengen Agreement Greece
60%
CARICOM Single Market and Economy Belize
57%
No matching quizzes found
Score Distribution
Percent of People with Each Score
Percentile by Number Answered
Your Score History
You have not taken this quiz